zpět

Detail výsledku týmu

Baarovka, České Budějovice

Datum a čas kvízu

22 Celkem bodů Celkový počet nahraných bodů na tomto kvízu bez doplňovacích otázek.
6. Pořadí na kvízu Konečné umístění týmu na tomto kvízu.

Zaznamenané odpovědi

# Otázka Odpověď Body Výsledky
1. Novým místopředsedou sněmovny... Aleš Juchelka 1
2. Který nezvaný živočich přeruši... B) šváb 0
3. Minulý týden jsme se dozvěděli... Tereza Pergnerová 1
4. V pondělí jsme se dozvěděli o... Dagmar Havlová 1
5. 41letý český atlet, který je d... Vítězslav Veselý 0
6. Pojmenování spojená s reproduk... zmetek 0
7. Jak se jmenuje zobrazené oblíb... kamerunská ovce (djallonké) 0
8. Které z následujících tvrzení... D 0
9. Ještě do zhruba 13. století se... zebu 0
10. Zvířata, která mají vlnu, vylu... lanolin 1